[Event "POL-chT3"]
[Site "Jastrzebia Gora POL"]
[Date "2016.09.11"]
[Round "9.9"]
[White "Kowalczyk, Pawel"]
[Black "Krainski, Aleksander"]
[Result "1-0"]
[WhiteElo "2303"]
[BlackElo "2170"]
[EventDate "2016.09.02"]

1.d4 d5 2.e3 Nf6 3.Bd3 c5 4.c3 cxd4 5.exd4 Nc6 6.Nf3 g6 7.O-O Bg7 8.Bf4 
O-O 9.Re1 Nh5 10.Bg5 h6 11.Be3 Qd6 12.Qd2 g5 13.Qe2 g4 14.Nh4 Nf4 15.Bxf4 
Qxf4 16.g3 Qg5 17.Nd2 Re8 18.f4 gxf3 19.Ndxf3 Qg4 20.Rad1 Bd7 21.Bb1 Bf6 
22.Qd3 Qg7 23.Nf5 Qg6 24.N3h4 Bxh4 25.Nxh4 Qxd3 26.Rxd3 e6 27.Rf3 Kg7 28.
Ref1 Rf8 29.Rf4 e5 30.dxe5 Nxe5 31.Bf5 Bb5 32.Rd1 Rad8 33.Bc2 Ng6 34.Nf5+ 
Kf6 35.Rf2 Bd7 36.Nxh6+ Kg7 37.Nf5+ Bxf5 38.Rxf5 Ne7 39.Rg5+ Kf6 40.h4 Rd6
41.c4 1-0

[Event "POL-chT3"]
[Site "Jastrzebia Gora POL"]
[Date "2016.09.11"]
[Round "9.10"]
[White "Krainski, Slawomir"]
[Black "Jagodzinski, Piotr"]
[Result "1-0"]
[WhiteElo "2144"]
[BlackElo "2241"]
[EventDate "2016.09.02"]

1.e4 c6 2.d4 d5 3.e5 Bf5 4.Nd2 e6 5.Nb3 Nd7 6.Nf3 a6 7.Be3 Qc7 8.Be2 c5 9.
O-O h6 10.dxc5 Nxc5 11.Nbd4 Be4 12.c4 dxc4 13.Bxc4 b5 14.Be2 Qb7 15.a4 
bxa4 16.Rxa4 Nxa4 17.Qxa4+ Qd7 18.Qa5 Be7 19.Rd1 Qb7 20.Nd2 Bd5 21.Nc4 Rb8
22.Nd6+ Bxd6 23.exd6 Nf6 24.Bxa6 Qa8 25.Bb5+ Kf8 26.Qc7 Kg8 27.Bc6 Bxc6 
28.Nxc6 Rb7 29.Ne7+ Kf8 30.Qc6 Rb8 31.d7 Kxe7 32.d8=Q+ Rhxd8 33.Bc5+ 1-0

[Event "POL-chT3"]
[Site "Jastrzebia Gora POL"]
[Date "2016.09.11"]
[Round "9.11"]
[White "Dowgird, Filip"]
[Black "Sciborowski, Miroslaw"]
[Result "1/2-1/2"]
[WhiteElo "2238"]
[BlackElo "2010"]
[EventDate "2016.09.02"]

1.b3 Nf6 2.Bb2 g6 3.Bxf6 exf6 4.d4 Bg7 5.g3 O-O 6.Bg2 d5 7.e3 c6 8.Nd2 Na6
9.a3 Nc7 10.Ne2 Re8 11.O-O Bg4 12.h3 Bxe2 13.Qxe2 f5 14.Qd3 Qg5 15.c4 Rad8
16.Nf3 Qh5 17.b4 dxc4 18.Qxc4 g5 19.Qc5 Nd5 20.Qxa7 g4 21.hxg4 fxg4 22.Ne5
Nc3 23.Rfe1 Bxe5 24.dxe5 Rd2 25.e4 Qxe5 26.Qe3 Red8 27.Bf1 Nd1 28.Raxd1 
Rxd1 29.Rxd1 Rxd1 30.Qe2 Qa1 31.Qxg4+ 1/2-1/2

[Event "POL-chT3"]
[Site "Jastrzebia Gora POL"]
[Date "2016.09.11"]
[Round "9.12"]
[White "Pacuszka, Wioletta"]
[Black "Majdan-gajewska, Joanna"]
[Result "0-1"]
[WhiteElo "1923"]
[BlackElo "2362"]
[EventDate "2016.09.02"]

1.e4 c5 2.Nf3 d6 3.d4 cxd4 4.Nxd4 Nf6 5.Nc3 a6 6.Be2 e6 7.O-O b5 8.Bf3 Ra7
9.Be3 Rd7 10.a4 b4 11.Na2 Bb7 12.Nxb4 d5 13.Qe1 dxe4 14.Be2 Rxd4 15.Bxd4 
Qxd4 16.c3 Qc5 17.Nc2 Nd5 18.Qd2 Bd6 19.c4 Nf4 20.Ne3 Nc6 21.Rad1 Nxe2+ 
22.Qxe2 O-O 23.Nc2 Ne5 24.Ne3 a5 25.Rd2 f5 26.b3 f4 27.Nd1 f3 28.Qe3 fxg2 
29.Kxg2 Qc6 30.Kg1 Nf3+ 0-1

[Event "POL-chT3"]
[Site "Jastrzebia Gora POL"]
[Date "2016.09.11"]
[Round "9.13"]
[White "Winiarski, Mikolaj"]
[Black "Wandzik, Wojciech"]
[Result "1/2-1/2"]
[WhiteElo "2300"]
[BlackElo "2346"]
[EventDate "2016.09.02"]

1.d4 Nf6 2.c4 e6 3.Nc3 Bb4 4.e3 O-O 5.Ne2 d5 6.a3 Be7 7.cxd5 exd5 8.g3 c6 
9.Bg2 Bf5 10.O-O Bd6 11.Bd2 Nbd7 12.Rc1 Nb6 13.Na4 Nc4 14.Bb4 b5 15.b3 
Bxb4 16.axb4 Nd6 17.Nc5 a5 18.Ra1 Nfe4 19.f3 Nxc5 20.bxc5 Ne8 21.Nc3 Nc7 
22.Kh1 Re8 23.Qd2 Qd7 24.e4 Bh3 25.e5 Bxg2+ 26.Kxg2 f5 27.Ra2 Ra7 28.Rfa1 
Rea8 29.Ne2 b4 30.Nf4 Nb5 31.Qd3 Nc3 32.Rb2 g6 33.Ne2 Nb5 34.h4 Qe7 35.h5 
Qg5 36.hxg6 hxg6 37.Rh1 a4 38.f4 Qe7 39.g4 axb3 40.gxf5 gxf5 41.Qxf5 Qe8 
42.Rxb3 Rg7+ 43.Rg3 Rxg3+ 44.Nxg3 Ra2+ 45.Ne2 Ra7 46.Rh5 b3 47.Rg5+ Rg7 
48.Rxg7+ Kxg7 49.Qf6+ Kh7 50.Qh4+ Kg7 51.f5 Qf7 52.Qg5+ Kh7 53.Nf4 b2 54.
Ng6 Qg7 55.Qh4+ Kg8 56.Qd8+ Kh7 57.Qh4+ Kg8 58.Qd8+ 1/2-1/2

[Event "POL-chT3"]
[Site "Jastrzebia Gora POL"]
[Date "2016.09.11"]
[Round "9.14"]
[White "Mroziak, Maciej"]
[Black "Rozycki, Bartlomiej"]
[Result "1-0"]
[WhiteElo "2338"]
[BlackElo "2140"]
[EventDate "2016.09.02"]

1.e4 e6 2.d4 d5 3.Nc3 Bb4 4.exd5 exd5 5.Bd3 Nc6 6.a3 Bxc3+ 7.bxc3 Be6 8.
Rb1 b6 9.Nf3 Qd7 10.O-O Nge7 11.Ng5 Bg4 12.f3 Bf5 13.Re1 h6 14.Bxf5 Qxf5 
15.Nh3 O-O-O 16.Qd3 Rhe8 17.Bf4 Kb7 18.a4 Na5 19.Rxe7 1-0

[Event "POL-chT3"]
[Site "Jastrzebia Gora POL"]
[Date "2016.09.11"]
[Round "9.15"]
[White "Chylewski, Patryk"]
[Black "Lizak, Jakub"]
[Result "1/2-1/2"]
[WhiteElo "2005"]
[BlackElo "2146"]
[EventDate "2016.09.02"]

1.d4 d5 2.c4 dxc4 3.e3 e5 4.Bxc4 exd4 5.exd4 Nf6 6.Nf3 Bd6 7.O-O O-O 8.h3 
h6 9.Nc3 Nc6 10.Be3 Bf5 11.Re1 a6 12.Bb3 Re8 13.d5 Nb4 14.Nd4 Bh7 15.Bc4 
b5 16.Bb3 Nd3 17.Re2 Qd7 18.Bc2 Nb4 19.Bxh7+ Kxh7 20.Qb1+ Kg8 21.Qf5 Qxf5 
22.Nxf5 Be5 23.Bd4 Bxd4 24.Nxd4 Rxe2 25.Ndxe2 Nbxd5 26.Nxd5 Nxd5 27.Rc1 
Rd8 28.Rd1 Rd6 29.Ng3 Nb4 30.Rxd6 cxd6 31.a3 Nd3 32.b3 Kf8 33.Nf5 d5 34.
Kf1 g6 35.Ne3 b4 36.axb4 Nxb4 37.Ke2 Ke7 38.Kd2 Kd6 39.f4 Nc6 40.Nc2 Nd8 
41.Ke3 Kc5 42.g3 Ne6 43.Kd3 h5 44.h4 Ng7 45.b4+ Kb5 46.Kd4 Kc6 47.Ke5 Nf5 
48.Kf6 d4 49.Ne1 Kb5 50.Kxf7 Kxb4 51.Kxg6 Nxg3 52.f5 Nxf5 53.Kxf5 Kc3 54.
Ke4 a5 55.Nd3 a4 56.Nc1 a3 57.Na2+ Kc4 58.Nc1 Kc3 59.Na2+ Kc4 60.Nc1 d3 
61.Ke3 Kc3 62.Na2+ Kb2 63.Kxd3 1/2-1/2

[Event "POL-chT3"]
[Site "Jastrzebia Gora POL"]
[Date "2016.09.11"]
[Round "9.16"]
[White "Duda, Lukasz"]
[Black "Kokoszczynski, Jan"]
[Result "1-0"]
[WhiteElo "2200"]
[BlackElo "1962"]
[EventDate "2016.09.02"]

1.e4 c5 2.Nc3 d6 3.d3 g6 4.Be3 Bg7 5.Qd2 Nc6 6.g3 e6 7.Bg2 Rb8 8.Nge2 Nd4 
9.O-O b5 10.Nd1 b4 11.Nc1 Bd7 12.c3 bxc3 13.bxc3 Nc6 14.h3 Qa5 15.Ne2 Qa6 
16.Nb2 Nge7 17.Nc4 Na5 18.Nxa5 Qxa5 19.d4 Bb5 20.dxc5 Bxe2 21.Qxe2 dxc5 
22.Rab1 O-O 23.Qc4 Nc6 24.Qxc5 Rxb1 25.Rxb1 Qxa2 26.Rb7 Qa6 27.Rc7 Ne5 28.
Qxa7 Qe2 29.Bd4 Rd8 30.Qa5 Nd3 31.Rxf7 Rxd4 32.Rxg7+ Kxg7 33.Qa7+ Kh6 34.
Qxd4 Qe1+ 35.Bf1 Nb2 36.c4 Na4 37.c5 Nc3 38.Qe3+ Qxe3 39.fxe3 Nxe4 40.c6 
Kg5 41.c7 Nd6 42.Ba6 1-0

[Event "POL-chT3"]
[Site "Jastrzebia Gora POL"]
[Date "2016.09.11"]
[Round "9.17"]
[White "Wisniewski, Jacek"]
[Black "Gola, Karol"]
[Result "0-1"]
[WhiteElo "1924"]
[BlackElo "2191"]
[EventDate "2016.09.02"]

1.e4 c5 2.Nf3 e6 3.d4 cxd4 4.Nxd4 Nc6 5.Nc3 Qc7 6.Be2 Nf6 7.O-O a6 8.Be3 
d6 9.Kh1 Be7 10.f4 O-O 11.Qe1 Nd7 12.Qg3 Bf6 13.Rad1 Kh8 14.f5 Nxd4 15.
Bxd4 Ne5 16.fxe6 fxe6 17.Bxe5 dxe5 18.Bg4 b5 19.Qd3 Ra7 20.a3 Kg8 21.Qh3 
Qc6 22.Rd3 a5 23.Rfd1 Be7 24.Qh5 b4 25.Rh3 h6 26.Qxe5 bxc3 27.Rxc3 Rd7 28.
Bxe6+ Kh8 29.Bxd7 Qxd7 30.Rcd3 Qa7 31.Qd4 Bc5 32.Qd5 Bg4 33.Re1 Bf2 34.Qd6
Qf7 35.Rc1 Be3 36.Qxf8+ Qxf8 37.Rxe3 Qc5 38.Ree1 Qe5 39.b4 axb4 40.axb4 h5
41.Re3 Qd4 42.Rce1 Qxb4 43.c3 Qc4 44.Kg1 h4 45.h3 Be6 46.Kh2 Qc5 47.Kh1 
Qe5 48.Kg1 Kh7 49.Kh1 Kh6 50.Kg1 g5 51.Kh1 Kg6 52.Kg1 Kf6 53.Rf3+ Ke7 54.
Rfe3 Kd6 55.Rd3+ Kc5 56.Rde3 Kc4 57.Kh1 Kb3 58.c4+ Kxc4 59.Kg1 Kd4 60.Ra3 
Qc5 61.Raa1 Ke5+ 62.Kh1 Qc3 63.Rac1 Qg3 64.Ra1 Bxh3 65.gxh3 Qxh3+ 66.Kg1 
Qg3+ 67.Kh1 h3 68.Ra5+ Ke6 69.Ra6+ Kd7 70.Rd1+ Kc7 71.Rg1 Qf3+ 72.Kh2 Qe2+
73.Kxh3 Qxa6 74.Rxg5 Qd3+ 75.Kh4 Qxe4+ 76.Rg4 Qh1+ 77.Kg5 Kd6 78.Rf4 Qh3 
79.Rf8 Qg3+ 80.Kh5 Ke6 81.Kh6 Qg4 82.Kh7 Qh4+ 83.Kg6 Qg4+ 84.Kh6 Ke7 85.
Rh8 Kf7 0-1

[Event "POL-chT3"]
[Site "Jastrzebia Gora POL"]
[Date "2016.09.11"]
[Round "9.18"]
[White "Szydlowska-duda, Marta"]
[Black "Olechnicka, Karolina"]
[Result "1-0"]
[WhiteElo "2002"]
[BlackElo "1887"]
[EventDate "2016.09.02"]

1.d4 Nf6 2.Nf3 g6 3.Bf4 Bg7 4.e3 d6 5.h3 O-O 6.Be2 Nfd7 7.c4 e5 8.Bh2 f5 
9.dxe5 Nxe5 10.Qd5+ Nf7 11.Nc3 Nc6 12.Rd1 Qe7 13.O-O Be6 14.Qb5 Nfe5 15.
Nd4 a6 16.Qa4 Nxd4 17.exd4 Nd7 18.Rfe1 Qg5 19.Bf1 Nb6 20.Qc2 Rae8 21.c5 
Nc8 22.Rxe6 Rxe6 23.Bc4 Re8 24.Qb3 Qf6 25.Re1 Kf7 26.Qxb7 Qxd4 27.Qxc7+ 
Kf6 28.Bxe6 Rxe6 29.Rxe6+ Kxe6 30.Qxc8+ Kf7 31.Qd7+ 1-0

[Event "POL-chT3"]
[Site "Jastrzebia Gora POL"]
[Date "2016.09.11"]
[Round "9.19"]
[White "Steczek, Marcin"]
[Black "Rudolf, Michal"]
[Result "1/2-1/2"]
[WhiteElo "2370"]
[BlackElo "2339"]
[EventDate "2016.09.02"]

1.d4 d5 2.Nf3 Nf6 3.g3 c6 4.Bg2 Bg4 5.h3 Bxf3 6.Bxf3 Nbd7 7.Bg2 e6 8.O-O 
Qb6 9.c3 Bd6 10.Qb3 O-O 11.Nd2 e5 12.dxe5 Nxe5 13.e4 dxe4 14.Nxe4 Nxe4 15.
Bxe4 Qxb3 16.axb3 Bc5 17.b4 Bb6 18.Bf4 Rfe8 19.Bxe5 Rxe5 20.Bf3 Rd8 21.
Rad1 Ree8 22.Rxd8 Rxd8 23.Rd1 Rxd1+ 24.Bxd1 Kf8 25.Kf1 Ke7 26.Ke2 Kd6 27.
Bb3 f6 28.h4 c5 29.bxc5+ Bxc5 30.Bc2 h6 1/2-1/2

[Event "POL-chT3"]
[Site "Jastrzebia Gora POL"]
[Date "2016.09.11"]
[Round "9.20"]
[White "Warszawski, Bartosz"]
[Black "Smagalski, Slawomir"]
[Result "1/2-1/2"]
[WhiteElo "2223"]
[BlackElo "1943"]
[EventDate "2016.09.02"]

1.e4 e5 2.Nf3 Nc6 3.Bb5 a6 4.Ba4 Nf6 5.O-O b5 6.Bb3 Be7 7.Re1 O-O 8.h3 d6 
9.c3 Na5 10.Bc2 c5 11.d4 Qc7 12.Nbd2 Re8 13.Nf1 h6 14.Ng3 Bf8 15.b3 g6 16.
Be3 Bg7 17.Qd2 Kh7 18.a4 Bd7 19.axb5 axb5 20.d5 Ra6 21.Rac1 Rea8 22.Nh2 
Ng8 23.f4 f6 24.Rf1 Be8 25.Qd1 Nb7 26.h4 Nd8 27.Ng4 h5 28.Nh2 Bh6 29.Qf3 
Nf7 30.f5 Bxe3+ 31.Qxe3 Nfh6 32.fxg6+ Bxg6 33.Qe2 Qf7 34.Qxb5 Ra2 35.Qd3 
Ne7 36.Qf3 Nxd5 37.exd5 Bxc2 38.Qxf6 Qxf6 39.Rxf6 Rg8 40.Rf2 Bxb3 41.Rxa2 
Bxa2 42.Ne4 Rg6 43.c4 Nf5 44.Nf3 Kh6 45.Ned2 Rg4 46.Rc2 Rxg2+ 47.Kxg2 Ne3+
48.Kg3 Nxc2 49.Ne4 Bxc4 50.Nxd6 Bxd5 51.Nxe5 Nd4 1/2-1/2

[Event "POL-chT3"]
[Site "Jastrzebia Gora POL"]
[Date "2016.09.11"]
[Round "9.21"]
[White "Meczynski, Waldemar"]
[Black "Chalupnik, Marcin"]
[Result "0-1"]
[WhiteElo "2032"]
[BlackElo "2191"]
[EventDate "2016.09.02"]

1.e4 c5 2.Nf3 e6 3.d4 cxd4 4.Nxd4 Nf6 5.Nc3 Bb4 6.Bd3 d6 7.Bd2 a6 8.O-O 
O-O 9.Kh1 e5 10.Nde2 Bc5 11.f4 b5 12.Qe1 Nbd7 13.Qh4 Bb7 14.a3 Re8 15.Rae1
d5 16.fxe5 Nxe4 17.Qxd8 Raxd8 18.Bxe4 dxe4 19.Bg5 Rc8 20.Ng3 Bd4 21.Rd1 
Bxc3 22.Rxd7 Bc6 23.e6 Rxe6 24.Ra7 Bxb2 25.Nf5 Rce8 26.Ne7+ Kf8 27.Nxc6 
Rxc6 28.Rfxf7+ Kg8 29.Rfe7 Rxe7 30.Rxe7 Rxc2 31.a4 bxa4 32.Rxe4 a3 33.Ra4 
Bf6 34.h4 a2 35.Bxf6 gxf6 36.Kh2 Kf7 37.Rxa6 Kg6 38.Ra5 f5 39.Kg3 Kf6 40.
Kf4 Rf2+ 41.Kg3 Rb2 42.Kf4 Ke6 43.g3 Kd6 44.Ra6+ Kc5 45.Kxf5 Kc4 46.Ra8 
Rb5+ 47.Kf6 Kb3 48.g4 Rb4 49.Rxa2 Kxa2 50.Kg5 Kb3 51.h5 Rb6 52.Kf5 h6 53.
g5 Rb5+ 54.Kg6 hxg5 55.h6 g4 56.h7 Rb8 57.Kg5 0-1

[Event "POL-chT3"]
[Site "Jastrzebia Gora POL"]
[Date "2016.09.11"]
[Round "9.22"]
[White "Rams, Michal"]
[Black "Walaszczyk, Witold"]
[Result "1/2-1/2"]
[WhiteElo "2199"]
[BlackElo "2088"]
[EventDate "2016.09.02"]

1.e4 c5 2.Nf3 g6 3.c3 Bg7 4.d4 cxd4 5.cxd4 d5 6.e5 Nh6 7.h3 O-O 8.Nc3 Nc6 
9.Bb5 Qb6 10.O-O e6 11.Bg5 Kh8 12.Qd2 Ng8 13.Bxc6 Qxc6 14.Rfc1 Qe8 15.Ne2 
h6 16.Bf4 Bd7 17.Rc5 Rc8 18.Rac1 Rxc5 19.dxc5 g5 20.Bg3 Ne7 21.h4 gxh4 22.
Bxh4 Bc6 23.Ned4 Ng8 24.Re1 Bd7 25.Bf6 Bc8 26.Bxg7+ Kxg7 27.Qf4 Kh7 28.Qh4
Qe7 29.Qxe7 Nxe7 30.b4 a6 31.Nd2 1/2-1/2

[Event "POL-chT3"]
[Site "Jastrzebia Gora POL"]
[Date "2016.09.11"]
[Round "9.23"]
[White "Swiatnicki, Andrzej"]
[Black "Kaim, Piotr"]
[Result "1/2-1/2"]
[WhiteElo "2058"]
[BlackElo "2158"]
[EventDate "2016.09.02"]

1.e4 c5 2.c3 e6 3.d4 d5 4.exd5 exd5 5.Be3 c4 6.b3 cxb3 7.axb3 Nc6 8.Nf3 
Bd6 9.Bd3 Bg4 10.h3 Bh5 11.O-O Nf6 12.Nbd2 O-O 13.Bg5 Bg6 14.Qb1 Re8 15.
Bxg6 hxg6 16.Qd3 Qc7 17.Bxf6 gxf6 18.Rfe1 Qd7 19.Nf1 Bf4 20.g3 Bc7 21.Kg2 
a6 22.Ne3 Rad8 23.h4 Kg7 24.h5 Rh8 25.Rh1 Ne7 26.hxg6 fxg6 27.Rh4 g5 28.
Rhh1 Qe6 29.Rae1 Qd7 30.c4 Ba5 31.Ra1 Bb6 32.cxd5 Nxd5 33.Nf5+ Kf7 34.Nh6+
Kg7 35.Nf5+ Kf7 36.Nh6+ Kg7 37.Nf5+ 1/2-1/2

[Event "POL-chT3"]
[Site "Jastrzebia Gora POL"]
[Date "2016.09.11"]
[Round "9.24"]
[White "Bednarska-bzdega, Malgorzata"]
[Black "Bukowska, Katarzyna"]
[Result "1-0"]
[WhiteElo "2010"]
[BlackElo "1887"]
[EventDate "2016.09.02"]

1.e4 e5 2.Nf3 Nc6 3.d4 exd4 4.Nxd4 Bb4+ 5.c3 Bc5 6.Be3 Bb6 7.Qg4 Qf6 8.Qg3
Qg6 9.Nd2 d6 10.O-O-O Bd7 11.Bd3 Qxg3 12.hxg3 O-O-O 13.Nc4 Bxd4 14.cxd4 h6
15.d5 Nb4 16.Bb1 Bb5 17.Rd4 Na6 18.Na3 Bd7 19.b4 Ne7 20.Bd3 c5 21.bxc5 
Nxc5 22.Rc4 b6 23.Kd2 Kb7 24.Rb1 Nxd3 25.Kxd3 f5 26.f3 Ng6 27.Bd4 fxe4+ 
28.fxe4 Ne7 29.Rf1 Rhf8 30.Rcc1 g6 31.Ke3 Rde8 32.Rxf8 Rxf8 33.Nc4 Nc8 34.
Bg7 Rf7 35.Bxh6 b5 36.Nd2 Nb6 37.Bf4 Nc8 38.Nf3 Rh7 39.Kd4 a6 40.Ng5 Rg7 
41.e5 dxe5+ 42.Bxe5 Re7 43.d6 Nxd6 44.Bxd6 Re2 45.Rc7+ Kb6 46.Rxd7 Kc6 47.
Rd8 Rd2+ 48.Kc3 Rxa2 49.Bf4 Rxg2 50.Rd6+ Kb7 51.Ne4 1-0

[Event "POL-chT3"]
[Site "Jastrzebia Gora POL"]
[Date "2016.09.11"]
[Round "9.25"]
[White "Licznerski, Lukasz"]
[Black "Mucha, Roman"]
[Result "0-1"]
[WhiteElo "2260"]
[BlackElo "2190"]
[EventDate "2016.09.02"]

1.e4 c5 2.Nf3 d6 3.d4 Nf6 4.Nc3 cxd4 5.Nxd4 Bd7 6.Be2 Bc6 7.O-O g6 8.Re1 
Bg7 9.Bf1 O-O 10.a4 Qc7 11.a5 a6 12.Nb3 Nbd7 13.Nd5 Qd8 14.c4 Rc8 15.Bg5 
h6 16.Bh4 e6 17.Nc3 g5 18.Bg3 Ne5 19.f3 Nh5 20.Bf2 Qe7 21.Nd4 Bd7 22.b3 
Nf4 23.g3 Nfg6 24.Qd2 h5 25.Bg2 h4 26.Be3 Bf6 27.Bh3 hxg3 28.hxg3 Kg7 29.
Kg2 Rh8 30.Rh1 Rcg8 31.Kf2 Kf8 32.Bg2 Nc6 33.Nce2 Nge5 34.Rxh8 Rxh8 35.Rd1
Nxd4 36.Bxd4 Bc6 37.Bc3 d5 38.exd5 exd5 39.Kf1 Kg8 40.cxd5 Bb5 41.d6 Qd8 
42.Qe3 Nc6 43.b4 Bxc3 44.Qxc3 Rh6 45.Qc5 Re6 46.Rd2 Bxe2+ 47.Rxe2 Rxd6 48.
f4 Rd1+ 49.Kf2 gxf4 50.gxf4 Qh4+ 51.Ke3 Qg3+ 52.Bf3 Qg1+ 53.Rf2 Qe1+ 54.
Re2 Qg1+ 55.Rf2 Rb1 56.Qg5+ Qxg5 57.fxg5 Rb3+ 58.Kd2 Rb2+ 0-1

[Event "POL-chT3"]
[Site "Jastrzebia Gora POL"]
[Date "2016.09.11"]
[Round "9.26"]
[White "Bus, Konrad"]
[Black "Zielinski, Maciej"]
[Result "0-1"]
[WhiteElo "2245"]
[BlackElo "2111"]
[EventDate "2016.09.02"]

1.Nf3 Nf6 2.c4 g6 3.g3 Bg7 4.Bg2 O-O 5.d4 d6 6.O-O a6 7.Nc3 Nc6 8.Bf4 Bf5 
9.Rc1 Ne4 10.Nxe4 Bxe4 11.d5 Nb8 12.Qd2 c5 13.Bh6 Bxf3 14.exf3 Qd7 15.Rfe1
Re8 16.Bxg7 Kxg7 17.Re4 Qf5 18.Rce1 b5 19.Rf4 Qd7 20.Rh4 Rh8 21.Bh3 Qd8 
22.Qc3+ Kg8 23.Rf4 f6 24.Rfe4 Ra7 25.b4 cxb4 26.Qxb4 bxc4 27.Rxc4 Nd7 28.
Qc3 Nc5 29.Rb1 Kg7 30.Qe3 Qa5 31.a3 Rc7 32.Rh4 h6 33.Rhb4 Na4 34.Re4 Re8 
35.Rh4 g5 36.Rxa4 Qxa4 37.Bg4 Qc2 38.Rf1 Qg6 39.Be6 Rb8 40.Kg2 f5 41.Qd3 
Qf6 42.Qxa6 Rc3 43.a4 h5 44.Re1 g4 45.f4 h4 46.gxh4 Kg6 47.Qa7 Rb2 48.Bg8 
Kh5 49.Rxe7 Rxf2+ 50.Kxf2 Qxh4+ 51.Kf1 Rc1+ 52.Ke2 Qe1+ 0-1

[Event "POL-chT3"]
[Site "Jastrzebia Gora POL"]
[Date "2016.09.11"]
[Round "9.27"]
[White "Zielinski, Wojciech"]
[Black "Bednarczyk, Damian"]
[Result "1-0"]
[WhiteElo "2136"]
[BlackElo "2158"]
[EventDate "2016.09.02"]

1.e4 c5 2.Nf3 d6 3.d4 cxd4 4.Nxd4 Nf6 5.f3 Nc6 6.c4 Qb6 7.Nxc6 bxc6 8.Nc3 
e5 9.Bd3 Be6 10.Qe2 Be7 11.Be3 Qc7 12.O-O O-O 13.Kh1 Rab8 14.Rac1 Nd7 15.
Nd5 Qd8 16.Nxe7+ Qxe7 17.b3 c5 18.Rcd1 Rbd8 19.Bb1 f6 20.Rd3 Nb8 21.f4 
exf4 22.Bxf4 Nc6 23.Qd2 Ne5 24.Rg3 Kh8 25.h3 g5 26.Be3 h5 27.Bg1 h4 28.Rc3
Kg7 29.Bc2 Rh8 30.Bd1 Qf7 31.Bh2 Qg6 32.Re3 Rd7 33.Qc3 Kf7 34.Be2 Ke7 35.
b4 cxb4 36.Qxb4 Rc8 37.Bxe5 fxe5 38.Bg4 Rdc7 39.Bxe6 Qxe6 40.Ref3 Rxc4 41.
Qd2 R4c7 42.Qxg5+ Ke8 43.Rf6 Qc4 44.Qg6+ Kd8 45.Rxd6+ Rd7 46.Rxd7+ 1-0

[Event "POL-chT3"]
[Site "Jastrzebia Gora POL"]
[Date "2016.09.11"]
[Round "9.28"]
[White "Slezak, Robert"]
[Black "Grzelak, Artur"]
[Result "0-1"]
[WhiteElo "2134"]
[BlackElo "2141"]
[EventDate "2016.09.02"]

1.e4 g6 2.d4 Bg7 3.Nc3 d6 4.Be3 a6 5.Qd2 b5 6.a3 Bb7 7.f3 Nd7 8.Rd1 Rc8 9.
Nh3 c5 10.Nb1 cxd4 11.Bxd4 Ngf6 12.Be2 O-O 13.O-O Qc7 14.Nc3 Nb6 15.Nf2 
Nc4 16.Bxc4 bxc4 17.Rfe1 Rfd8 18.Qe3 Re8 19.e5 dxe5 20.Bxe5 Qa5 21.Bd4 Qh5
22.Nce4 Nd5 23.Qe2 Nf4 24.Qf1 Qb5 25.Nc3 Qc6 26.Bxg7 Kxg7 27.Re4 Ne6 28.h4
Qc5 29.Ree1 Qh5 30.Qe2 Qxh4 31.Qe5+ Qf6 32.Qxf6+ Kxf6 33.Nfe4+ Kg7 34.Nd5 
Rb8 35.Kf2 Bxd5 36.Rxd5 Rxb2 37.Rd2 Rd8 38.Ke3 Ra2 39.Rxd8 Nxd8 40.Re2 Ne6
41.Nc3 Rxa3 42.Kd2 Kf8 43.Re4 Ra1 44.Rxc4 Rg1 45.g4 Ng5 46.Ke3 Rg3 47.Ne4 
Nxe4 48.Kxe4 Rg2 49.Rc8+ Kg7 50.c4 h5 51.gxh5 gxh5 52.Rc5 h4 53.Rh5 Rh2 
54.f4 h3 55.c5 Kg6 56.Rg5+ Kf6 57.Rh5 Ke6 58.Rh8 Rh1 59.Kf3 Rc1 60.Kg3 a5 
61.Rc8 Rc3+ 62.Kh2 Kd7 63.Ra8 Rxc5 64.Kxh3 Ke6 65.Kg4 Kf6 66.Ra6+ e6 67.
Ra7 Kg6 68.Ra6 Rf5 69.Rb6 Kg7 70.Ra6 Kf8 71.Ra7 Ke8 72.Rc7 Kd8 73.Rc1 a4 
74.Rc3 Ra5 75.Ra3 Ke7 76.f5 Rxf5 77.Rxa4 Rf1 78.Ra7+ Kf6 79.Ra5 Kg6 80.Kg3
f6 81.Kg2 Rf4 82.Kg3 e5 83.Ra1 Kg5 84.Rb1 e4 85.Rb5+ f5 86.Rb3 Rf1 87.Kg2 
Rd1 88.Kf2 Rd2+ 89.Ke3 Rd3+ 0-1

[Event "POL-chT3"]
[Site "Jastrzebia Gora POL"]
[Date "2016.09.11"]
[Round "9.29"]
[White "Fengier, Winicjusz"]
[Black "Sleczka, Bartosz"]
[Result "0-1"]
[WhiteElo "2054"]
[BlackElo "1933"]
[EventDate "2016.09.02"]

1.Nf3 Nf6 2.c4 g6 3.g3 Bg7 4.Bg2 O-O 5.Nc3 d6 6.d4 Nc6 7.h3 a6 8.O-O Rb8 
9.a4 Na5 10.b3 b6 11.e4 c5 12.Bb2 Nd7 13.Rb1 cxd4 14.Nxd4 Bb7 15.Nd5 e6 
16.Ne3 Qc7 17.Rc1 Nf6 18.b4 Nc6 19.Nd5 exd5 20.cxd5 Rfe8 21.Nxc6 Bxc6 22.
Rxc6 Qd7 23.Qa1 Nh5 24.Bxg7 Nxg7 25.Qd4 Qd8 26.Rfc1 Re7 27.f4 Nh5 28.Kh2 
Rd7 29.Bf1 a5 30.b5 f6 31.Be2 Ng7 32.R1c4 Qe7 33.Rxb6 Re8 34.Bf3 f5 35.e5 
dxe5 36.fxe5 Qa3 37.Rbc6 Qxf3 38.Rc3 0-1

[Event "POL-chT3"]
[Site "Jastrzebia Gora POL"]
[Date "2016.09.11"]
[Round "9.30"]
[White "Tracz, Marcelina"]
[Black "Jedrocha, Katarzyna"]
[Result "1/2-1/2"]
[WhiteElo "1825"]
[BlackElo "1893"]
[EventDate "2016.09.02"]

1.e4 c5 2.Nf3 d6 3.d4 cxd4 4.Nxd4 Nf6 5.Nc3 a6 6.g3 e5 7.Nde2 b5 8.Bg2 Bb7
9.a3 Be7 10.O-O Nbd7 11.Be3 Nb6 12.b3 Qc7 13.a4 b4 14.a5 Nbd7 15.Nd5 Bxd5 
16.exd5 O-O 17.Qd2 Ng4 18.Rfc1 Nxe3 19.Qxe3 Nc5 20.c4 bxc3 21.Qxc3 Qb8 22.
b4 Nd7 23.Qc6 Nf6 24.Rab1 Rc8 25.Qxc8+ Qxc8 26.Rxc8+ Rxc8 27.b5 axb5 28.
Rxb5 Ra8 29.Nc1 Bd8 30.Nb3 Kf8 31.Kf1 Nd7 32.Bh3 Nc5 33.Nxc5 dxc5 34.Rxc5 
Rxa5 35.Rxa5 Bxa5 36.d6 Bb4 37.d7 Ke7 38.Ke2 Bc5 39.Bg2 Kxd7 40.Bd5 Ke7 
41.g4 g6 42.h3 f5 43.Bg8 h6 44.gxf5 gxf5 45.f3 Kf6 46.Bd5 Kg5 1/2-1/2

[Event "POL-chT3"]
[Site "Jastrzebia Gora POL"]
[Date "2016.09.11"]
[Round "9.31"]
[White "Garbowski, Jakub"]
[Black "Szwed, Jacek"]
[Result "0-1"]
[WhiteElo "2030"]
[BlackElo "2402"]
[EventDate "2016.09.02"]

1.e4 e6 2.d4 d5 3.Nd2 h6 4.Ngf3 Nf6 5.e5 Nfd7 6.Bd3 c5 7.c3 Nc6 8.O-O g5 
9.dxc5 Bxc5 10.Nb3 Bf8 11.Re1 Bg7 12.Bb5 O-O 13.Bxc6 bxc6 14.Be3 Nxe5 15.
Nxe5 Bxe5 16.Bd4 Bg7 17.Bxg7 Kxg7 18.Qd4+ f6 19.Qc5 Qb6 20.Qxb6 axb6 21.
Nd4 e5 22.Nxc6 Bb7 23.Nb4 Kf7 24.f3 h5 25.g3 h4 26.gxh4 gxh4 27.Kf2 Ke6 
28.Rg1 Rg8 29.a3 Rg5 30.Rae1 Rag8 31.Nc2 Kd6 32.Ne3 Ke6 33.Nc2 Rxg1 34.
Rxg1 Rxg1 35.Kxg1 Kf5 36.Kf2 Kf4 37.Ne1 Kg5 38.Nc2 f5 39.a4 f4 40.b4 Kf6 
41.Ne1 Bc6 42.b5 Bd7 43.Ke2 Ke7 44.Nd3 Kd6 45.Nf2 Bf5 46.Kd2 Kc5 47.Ng4 e4
48.Ke2 Kd6 49.Nh6 Bg6 50.Ng4 Bh5 51.Kf2 Ke6 52.Ke2 Bg6 53.Nf2 Kf5 54.c4 
Be8 55.a5 bxa5 56.b6 exf3+ 57.Kd2 Bc6 58.c5 a4 59.Kc3 a3 60.Kb3 Ke5 61.
Kxa3 Kd4 62.Kb4 Ke3 63.Ng4+ Ke2 64.Ne5 f2 65.Nxc6 f1=Q 66.Nd4+ Kd3 67.Nb3 
Qe1+ 68.Ka4 Kc4 0-1

[Event "POL-chT3"]
[Site "Jastrzebia Gora POL"]
[Date "2016.09.11"]
[Round "9.32"]
[White "Jedynak, Radoslaw"]
[Black "Siedlinski, Piotr"]
[Result "1/2-1/2"]
[WhiteElo "2366"]
[BlackElo "2107"]
[EventDate "2016.09.02"]

1.d4 d5 2.c4 c6 3.cxd5 cxd5 4.Nf3 Nc6 5.Nc3 Nf6 6.Bf4 Nh5 7.Bd2 Nf6 8.Bf4 
Nh5 9.Bd2 Nf6 10.Bf4 Nh5 11.Bd2 Nf6 1/2-1/2

[Event "POL-chT3"]
[Site "Jastrzebia Gora POL"]
[Date "2016.09.11"]
[Round "9.33"]
[White "Rosicki, Marcin"]
[Black "Tymrakiewicz, Rafal"]
[Result "0-1"]
[WhiteElo "1887"]
[BlackElo "2285"]
[EventDate "2016.09.02"]

1.e4 Nf6 2.Nc3 d5 3.exd5 a6 4.Nf3 g6 5.Bc4 Bg7 6.d3 b5 7.Bb3 Bb7 8.O-O 
Nxd5 9.Nxd5 Bxd5 10.Re1 O-O 11.Bxd5 Qxd5 12.Rxe7 Nc6 13.Re1 Rad8 14.Bg5 
Rde8 15.Rxe8 Rxe8 16.c3 h6 17.Bf4 Re7 18.Qd2 g5 19.Be3 f5 20.Qc2 f4 21.Bd2
g4 22.Nh4 Qh5 23.g3 fxg3 24.hxg3 Ne5 25.Qb3+ Kh7 26.Qb4 Bf6 27.Qe4+ Kg8 
28.Qf4 Bxh4 29.gxh4 Nf3+ 30.Kg2 Nxh4+ 31.Kg3 Nf5+ 32.Kg2 Qh3+ 33.Kg1 Nh4 
34.Qg5+ hxg5 0-1

[Event "POL-chT3"]
[Site "Jastrzebia Gora POL"]
[Date "2016.09.11"]
[Round "9.34"]
[White "Gmaj, Krzysztof"]
[Black "Guzik, Jolanta"]
[Result "1/2-1/2"]
[WhiteElo "2192"]
[BlackElo "1990"]
[EventDate "2016.09.02"]

1.e4 e5 2.Nf3 Nc6 3.Bc4 Nf6 4.d3 Bc5 5.O-O d6 6.c3 Bg4 7.Be3 Bb6 8.Nbd2 
O-O 9.h3 Bh5 10.Re1 Na5 11.Bb5 c6 12.Ba4 Bxe3 13.Rxe3 b5 14.Bc2 Nb7 15.d4 
Qc7 16.Nf1 Rfe8 17.Ng3 Bg6 18.Nh4 Nd8 19.Nhf5 Ne6 20.Bb3 Nf4 21.Qf3 Rad8 
22.Rd1 a5 23.a3 b4 24.axb4 axb4 25.Ree1 bxc3 26.bxc3 Rb8 27.Rb1 N6h5 28.
Nxh5 Bxh5 29.g4 Bg6 30.Bc2 Rxb1 31.Rxb1 Bxf5 1/2-1/2

[Event "POL-chT3"]
[Site "Jastrzebia Gora POL"]
[Date "2016.09.11"]
[Round "9.35"]
[White "Korcz, Daniel"]
[Black "Morkisz, Bogdan"]
[Result "1/2-1/2"]
[WhiteElo "1784"]
[BlackElo "2020"]
[EventDate "2016.09.02"]

1.e4 e6 2.d4 d5 3.Nc3 Bb4 4.e5 Qd7 5.Qg4 f5 6.Qg3 b6 7.Bd2 Ba6 8.Bxa6 Nxa6
9.Nge2 Bxc3 10.bxc3 h6 11.h4 O-O-O 12.a4 Nb8 13.a5 Nc6 14.axb6 cxb6 15.Qd3
Na5 16.Qa6+ Kb8 17.Rxa5 bxa5 18.O-O Rc8 19.Nf4 Rc6 20.Qb5+ Qb7 21.Qxb7+ 
Kxb7 22.Ng6 Rh7 23.Nf8 Rh8 24.Ng6 Rh7 25.Nf8 Ne7 26.Ng6 Ng8 27.Nf8 Rh8 28.
Ng6 Rh7 29.Nf8 Rh8 30.Ng6 Rh7 1/2-1/2